| 000 | 00418cam a22001337a 4500 | ||
|---|---|---|---|
| 008 | 180718b1992 xxu||||| |||| 00| 0 eng d | ||
| 082 | _aA75 Ut8N | ||
| 245 |
_aUttar Pradesh district gazetteers: Nainital _cedited by Banarsi Das |
||
| 260 |
_aLucknow _bDepartment of District Gazetteers _c1992 |
||
| 300 | _a433+p. | ||
| 500 | _aLibrary has 1904 edition also | ||
| 650 | _aNainital - Gazetteers | ||
| 700 | _aDas, Banarsi | ||
| 999 |
_c486539 _d486539 |
||